African countries with a billionaire - Statistics

General Stats
  • This quiz has been taken 104 times
  • The average score is 7 of 9
Answer Stats
Amount Answer % Correct
8 Egypt
98%
7 South Africa
96%
3 Morocco
92%
1 Algeria
91%
5 Nigeria
89%
2 Tanzania
74%
1 Angola
69%
1 Uganda
63%
1 Swaziland
27%
No matching quizzes found
Score Distribution
Percent of People with Each Score
Percentile by Number Answered
Your Score History
You have not taken this quiz